• 首页
  • 本馆介绍
  • 公告通知
  • 最新文献
  • 馆藏检索
  • 电子资源
  • 读者导购
  • 参考咨询
  • 我的图书馆
  • 登录
  • 详细信息显示
  • 放入我的书架
  • 预约/预借图书
  • 作者相关作品
  • 分类相关作品
  • 丛书相关作品
  • 出版社相关作品

书目信息

  • 表格格式
  • 工作单格式
  • 卡片格式
题名:
天雨花 下册
    
 
作者: 陶贞怀 著 ;赵景深 主编
分册:  
出版信息: 不祥   中州古籍出版社  1984.3
页数: 811-1246页
开本: 20cm
丛书名:
单 册:
中图分类: I239.1
科图分类:
主题词: 戏剧文学--剧本--中国
电子资源:
ISBN:
000 00622nam0 2200217 45
001 0312221749
005 20040415103508.4
010    @dCNY1.85
091    @a10219.50
100    @a20031222d1984 km y0chiy0120 ea
101    @achi
105    @a z 000yy
200 1  @a天雨花 下册@ATian Yu Hua Xia Ce@f(清)陶贞怀著@F(Qing)Tao Zhen Huai Zhu@g赵景深主编
210    @a不祥@c中州古籍出版社@d1984.3
215    @a811-1246页@d20cm
606 0  @a戏剧文学@x剧本@x中国
690    @aI239.1@v3
701 0  @a陶贞怀@4著
702  0 @a赵景深@AZhao Jing Shen@4主编
801    @aCN@bTSTCL@c20031222
905    @dI239.1@e43:3@f4@b115528-531
    
    天雨花 下册/(清)陶贞怀著/赵景深主编.-不祥:中州古籍出版社,1984.3
    811-1246页;20cm
    
    
    ISBN :CNY1.85
    
●
相关链接 在E读中查询图书 在五车中查询图书 在当当中查询图书 在豆瓣中查询图书


正题名:天雨花 下册     索取号:I239.1/43:3         预约/预借

序号 登录号 条形码 馆藏地/架位号 状态 备注
1 0115528   000962202   第二借阅区/ [索取号:I239.1/43:3] 在馆    
2 0115529   000962113   第二借阅区/ [索取号:I239.1/43:3] 在馆    
3 0115530   000962211   第二借阅区/ [索取号:I239.1/43:3] 在馆    
4 0115531   000962195   第二借阅区/ [索取号:I239.1/43:3] 在馆    
5 0115532   000962168   第一样本阅览室/ [索取号:I239.1/43:3] 在馆    
唐山师范学院图书馆 欢迎您!
大连网信软件有限公司© 版权所有